| 000 | 00510nam a2200169 i 4500 | ||
|---|---|---|---|
| 001 | 56956 | ||
| 003 | ES-MaACL | ||
| 007 | t| | ||
| 008 | 031014s1978 sp ||||1| spa d | ||
| 100 | 1 |
_aDiehl, R. _944594 |
|
| 245 | 1 | 0 |
_aFitotecnia general / _cR. Diehl, J.M. Mateo Box y P. Urbano Terrón. |
| 260 |
_aMadrid : _bMundi-Prensa, _c1978. |
||
| 300 |
_aXXV, 814 p. : _bil. ; _c25 cm. |
||
| 700 | 1 |
_aMateo Box, José María. _978956 |
|
| 700 | 1 |
_aUrbano Terrón, P. _9112080 |
|
| 852 |
_aES-MaACL _jL-653 _bR.101114 |
||
| 999 |
_c56956 _d56956 |
||